01004nam a2200241 a 4500008004100000020001500041050001800056100001900074245005300093250001200146260003400158300004300192350000900235500006400244650003100308650002700339650001900366856006300385856005500448995010800503999001700611952013400628060316s1998 ||||||||||||||||| || u a0240802934 aTK4399.T6 MOO aMoody, James L10aConcert lighting : techniques, art, and business a2nd ed. aBoston :bFocal Presscc1998. axx, 279 p. : ill. (some col.) ; 28 cm. a0.00 aIncludes bibliographical references (p. 265-266) and index. aLighting - Special effects aMusic-halls - Lighting aSTAGE LIGHTING uhttp://www.loc.gov/catdir/description/els032/97021517.html uhttp://www.loc.gov/catdir/toc/els032/97021517.html D0.00FCBU-MAIN LIBRARY (Kitwe)H1I0.00M1UAVAILABLEWMay 2, 2006ZMain Library Open Access Collection c38348d38348 00102lcc4070a001b001cMain Library Open Access Collectiond2022-11-30l0oTK4399.T6 MOOp029103r2022-11-30w2022-11-30y002